000 00871cam a2200229 4500
001 WB3806-28
008 020212n2002 000 0 eng u
035 _a(Sirsi) u116690
245 _aFire stations go private sector
260 _c2002
490 _aProperty Week
_v67(5) 8 February 2002, 1(1)
520 _aThe London Fire and Emergency Planning Authority (LFEPA) has appointed Drivers Jonas to establish a public private partnership (PPP) to modernise London's fire stations. The review will consider whether all stations are required and whether particular facilities can be centralised.
590 _aWB
650 _aFIRE STATIONS
650 _aLONDON
650 _aPUBLIC PRIVATE PARTNERSHIPS
650 _aPUBLIC PRIVATE PARTNERSHIPS
650 _aPRIVATE SECTOR
650 _aDRIVERS JONAS
690 _aPROPERTY MANAGEMENT
_96262
942 _n0
999 _c69496
_d69496